000 00308nam a22001337a 4500
008 170216b xxu||||| |||| 00| 0 eng d
020 _a0671249479
041 _aeng
080 _a61
100 _a4
101 _aSHM
245 _aHOME GUIDE TO EMERGENCY MEDICAL SITUATIONS
_cHEIMLICH, H.J
942 _2udc
_cBK
999 _c5615
_d5615